| 000 | 00821nam a2200205 4500 | ||
|---|---|---|---|
| 001 | 116608 | ||
| 003 | ES-MaACL | ||
| 005 | 20251124171154.0 | ||
| 007 | t| | ||
| 008 | 061121s1950 sp r ||||1| spa d | ||
| 100 | 0 |
_aOtero Navascues, Julio, _cMarqués de Hermosilla _987914 |
|
| 245 | 1 | 0 |
_aSemblanza de D. Ignacio María de Álava y Sáez de Navarrete / _cJulio Otero Navascués. |
| 260 |
_aVitoria : _b[s.n.], _c1950 ( _fImp. Hijos de Heraclio Fournier) |
||
| 300 |
_a47 p., 2 lám. ; _c17 cm. |
||
| 594 | _aPrecede al tít.: Caja de Ahorros y Monte de Piedad de Vitoria. Juegos Florales. | ||
| 600 | 1 | 4 |
_aÁlava y Navarrete, Ignacio María, _d1750-1817 _9172860 |
| 710 | 2 |
_aCaja de Ahorros y Monte de Piedad de la Ciudad de Vitoria. _9172820 |
|
| 852 |
_aES-MaACL _j1938-F-12 |
||
| 999 |
_c116608 _d116608 |
||